[Event "German Masters Women 2018"]
[Site "Dresden"]
[Date "2018.08.08"]
[Round "5.1"]
[White "Klek, Hanna Marie"]
[Black "Kachiani-Gersinska, Ketino"]
[Result "1/2-1/2"]
[WhiteElo "2268"]
[BlackElo "2347"]
[Annotator "NA"]
[PlyCount "129"]
[EventDate "2018.08.04"]
[EventType "tourn"]
[EventCountry "GER"]
[SourceTitle "playchess.com"]
[Source "ChessBase"]
[SourceQuality "1"]
[TimeControl "40/5400+30:1800+30"]

1. e4 {[%emt 1:30:28]} e5 {[%emt 1:30:24]} 2. Nf3 {[%emt 1:30:53]} Nc6 {[%emt 1:30:46]} 3. Bc4 {[%emt 1:31:20]} Bc5 {[%emt 1:30:57]} 4. O-O {[%emt 1:31:42]} Nf6 {[%emt 1:28:17]} 5. d3 {[%emt 1:32:05]} a6 {[%emt 1:28:04]} 6. a4 {[%emt 1:30:57]} O-O {[%emt 1:26:23]} 7. c3 {[%emt 1:30:46]} Ba7 {[%emt 1:25:40]} 8. h3 {[%emt 1:29:36]} h6 {[%emt 1:20:42]} 9. Re1 {[%emt 1:29:40]} d6 {[%emt 1:20:11]} 10. Na3 {[%emt 1:23:39]} Be6 {[%emt 1:12:45]} 11. Be3 {[%emt 1:22:44]} Bxc4 {[%emt 1:05:38]} 12. Nxc4 {[%emt 1:22:57]} b5 {[%emt 0:54:39]} 13. Na3 {[%emt 1:22:18]} Bxe3 {[%emt 0:51:29]} 14. Rxe3 {[%emt 1:21:56]} Rb8 {[%emt 0:50:01]} 15. b4 {[%emt 1:13:49]} Ne7 {[%emt 0:46:45]} 16. axb5 {[%emt 1:10:48]} axb5 {[%emt 0:47:10]} 17. d4 {[%emt 1:01:34]} Ng6 {[%emt 0:47:09]} 18. Nc2 {[%emt 0:59:20]} Ra8 {[%emt 0:43:59]} 19. Nd2 {[%emt 0:57:08]} Re8 {[%emt 0:40:47]} 20. Re1 {[%emt 0:47:28]} Rxa1 {[%emt 0:35:08]} 21. Qxa1 {[%emt 0:46:39]} Nf4 {[%emt 0:31:17]} 22. Qa6 {[%emt 0:37:05]} Qa8 {[%emt 0:30:00]} 23. Ra1 {[%emt 0:29:28]} Qxa6 {[%emt 0:29:32]} 24. Rxa6 {[%emt 0:29:53]} Ne2+ {[%emt 0:29:54]} 25. Kf1 {[%emt 0:30:01]} Nxc3 {[%emt 0:30:18]} 26. f3 {[%emt 0:29:02]} d5 {[%emt 0:12:08]} 27. Rc6 {[%emt 0:28:28]} Na4 {[%emt 0:12:33]} 28. Rxc7 {[%emt 0:25:20]} dxe4 {[%emt 0:11:45]} 29. fxe4 {[%emt 0:24:30]} exd4 {[%emt 0:12:04]} 30. Nxd4 {[%emt 0:24:30]} Nxe4 {[%emt 0:12:05]} 31. Nxe4 {[%emt 0:20:15]} Rxe4 {[%emt 0:12:27]} 32. Nxb5 {[%emt 0:19:48]} Rxb4 {[%emt 0:12:51]} 33. Nd6 {[%emt 0:19:29]} Rf4+ {[%emt 0:13:07]} 34. Ke2 {[%emt 0:19:41]} Nb6 {[%emt 0:13:19]} 35. Rc5 {[%emt 0:18:03]} Nd7 {[%emt 0:13:14]} 36. Rc8+ {[%emt 0:15:40]} Nf8 {[%emt 0:10:44]} 37. Ke3 {[%emt 0:13:50]} Rf6 {[%emt 0:10:36]} 38. Ne4 {[%emt 0:14:05]} Re6 {[%emt 0:10:59]} 39. Kf3 {[%emt 0:14:26]} g6 {[%emt 0:10:38]} 40. Rd8 {[%emt 0:10:16]} Kg7 {[%emt 0:09:46]} 41. Nd6 {[%emt 0:08:44]} f5 {[%emt 0:01:03]} 42. g4 {[%emt 0:07:16]} fxg4+ {[%emt 0:01:01]} 43. hxg4 {[%emt 0:07:21]} Rf6+ {[%emt 0:00:21]} 44. Kg3 {[%emt 0:07:40]} Rf1 {[%emt 0:00:12]} 45. Re8 {[%emt 0:03:22]} Rg1+ {[%emt 0:24:24]} 46. Kh3 {[%emt 0:32:51]} Rd1 {[%emt 0:18:51]} 47. Re7+ {[%emt 0:32:10]} Kf6 {[%emt 0:18:45]} 48. Rf7+ {[%emt 0:32:36]} Ke6 {[%emt 0:19:11]} 49. Rxf8 {[%emt 0:33:00]} Rxd6 {[%emt 0:19:37]} 50. Rh8 {[%emt 0:33:07]} Ke5 {[%emt 0:19:01]} 51. Rxh6 {[%emt 0:32:36]} Kf4 {[%emt 0:19:27]} 52. Rh8 {[%emt 0:32:57]} Rd3+ {[%emt 0:19:41]} 53. Kg2 {[%emt 0:33:09]} Rd2+ {[%emt 0:19:54]} 54. Kf1 {[%emt 0:32:36]} Kxg4 {[%emt 0:20:00]} 55. Ra8 {[%emt 0:30:37]} Kh3 {[%emt 0:19:44]} 56. Rg8 {[%emt 0:29:39]} Rd6 {[%emt 0:19:23]} 57. Kf2 {[%emt 0:29:29]} Kg4 {[%emt 0:19:20]} 58. Kg2 {[%emt 0:29:25]} g5 {[%emt 0:19:46]} 59. Ra8 {[%emt 0:29:31]} Rd2+ {[%emt 0:20:10]} 60. Kg1 {[%emt 0:29:46]} Kh4 {[%emt 0:20:24]} 61. Ra3 {[%emt 0:30:04]} g4 {[%emt 0:20:45]} 62. Rb3 {[%emt 0:30:17]} g3 {[%emt 0:21:07]} 63. Rb8 {[%emt 0:30:42]} Rd1+ {[%emt 0:21:25]} 64. Kg2 {[%emt 0:31:07]} Rd2+ {[%emt 0:21:50]} 65. Kg1 {[%emt 0:31:33]} 1/2-1/2

[Event "German Masters Women 2018"]
[Site "Dresden"]
[Date "2018.08.08"]
[Round "5.2"]
[White "Lubbe, Melanie"]
[Black "Hoolt, Sarah"]
[Result "1-0"]
[WhiteElo "2338"]
[BlackElo "2357"]
[Annotator "NA"]
[PlyCount "101"]
[EventDate "2018.08.04"]
[EventType "tourn"]
[EventCountry "GER"]
[SourceTitle "playchess.com"]
[Source "ChessBase"]
[SourceQuality "1"]
[TimeControl "40/5400+30:1800+30"]

1. e4 {[%emt 1:30:26]} c5 {[%emt 1:30:24]} 2. Nf3 {[%emt 1:30:52]} Nc6 {[%emt 1:30:47]} 3. d4 {[%emt 1:31:17]} cxd4 {[%emt 1:31:13]} 4. Nxd4 {[%emt 1:31:43]} g6 {[%emt 1:31:35]} 5. c4 {[%emt 1:28:06]} Nf6 {[%emt 1:31:29]} 6. Nc3 {[%emt 1:28:04]} d6 {[%emt 1:31:37]} 7. Be2 {[%emt 1:24:10]} Nxd4 {[%emt 1:31:54]} 8. Qxd4 {[%emt 1:24:35]} Bg7 {[%emt 1:32:20]} 9. O-O {[%emt 1:22:18]} O-O {[%emt 1:32:05]} 10. Qd1 {[%emt 1:16:31]} Be6 {[%emt 1:19:43]} 11. Be3 {[%emt 1:09:15]} Qa5 {[%emt 1:10:40]} 12. Rc1 {[%emt 0:55:51]} Rfc8 {[%emt 0:58:31]} 13. b3 {[%emt 0:55:50]} a6 {[%emt 0:54:12]} 14. Na4 {[%emt 0:45:05]} Nxe4 {[%emt 0:41:37]} 15. Nb6 {[%emt 0:34:33]} Qxa2 {[%emt 0:40:36]} 16. Bf3 {[%emt 0:26:10]} Nc3 {[%emt 0:35:56]} 17. Qd2 {[%emt 0:21:07]} Qxb3 {[%emt 0:35:19]} 18. Bd4 {[%emt 0:17:07]} Bxd4 {[%emt 0:25:38]} 19. Qxd4 {[%emt 0:17:35]} Nb5 {[%emt 0:18:18]} 20. cxb5 {[%emt 0:15:34]} Rxc1 {[%emt 0:18:42]} 21. Rxc1 {[%emt 0:16:00]} Rb8 {[%emt 0:19:03]} 22. h4 {[%emt 0:11:50]} axb5 {[%emt 0:16:10]} 23. Rc7 {[%emt 0:11:24]} Re8 {[%emt 0:13:46]} 24. Rxb7 {[%emt 0:11:15]} Qc2 {[%emt 0:11:11]} 25. Nd5 {[%emt 0:08:51]} Bxd5 {[%emt 0:11:24]} 26. Bxd5 {[%emt 0:09:17]} Qb1+ {[%emt 0:10:42]} 27. Kh2 {[%emt 0:09:42]} Qf5 {[%emt 0:11:07]} 28. Bc6 {[%emt 0:08:12]} e5 {[%emt 0:08:17]} 29. Qe3 {[%emt 0:07:03]} Rd8 {[%emt 0:06:50]} 30. Bd5 {[%emt 0:06:09]} Rd7 {[%emt 0:06:15]} 31. Rxb5 {[%emt 0:06:15]} Kg7 {[%emt 0:05:23]} 32. g3 {[%emt 0:05:09]} Qf6 {[%emt 0:05:01]} 33. Rb8 {[%emt 0:04:00]} Rc7 {[%emt 0:04:20]} 34. Kg2 {[%emt 0:04:02]} h5 {[%emt 0:04:13]} 35. Qb6 {[%emt 0:04:04]} Rc2 {[%emt 0:03:01]} 36. Rb7 {[%emt 0:03:50]} Rd2 {[%emt 0:01:56]} 37. Rxf7+ {[%emt 0:02:25]} Qxf7 {[%emt 0:02:25]} 38. Bxf7 {[%emt 0:03:32]} Kxf7 {[%emt 0:02:52]} 39. Qc7+ {[%emt 0:02:30]} Kf6 {[%emt 0:02:58]} 40. Qd8+ {[%emt 0:01:35]} Kf7 {[%emt 0:02:54]} 41. Kf3 {[%emt 0:28:53]} Rd4 {[%emt 0:23:27]} 42. Ke3 {[%emt 0:28:53]} Rd1 {[%emt 0:23:33]} 43. f3 {[%emt 0:27:35]} Rd4 {[%emt 0:21:53]} 44. g4 {[%emt 0:26:01]} hxg4 {[%emt 0:21:55]} 45. fxg4 {[%emt 0:26:27]} d5 {[%emt 0:22:10]} 46. Qd7+ {[%emt 0:25:23]} Kf8 {[%emt 0:22:20]} 47. h5 {[%emt 0:22:56]} gxh5 {[%emt 0:22:28]} 48. gxh5 {[%emt 0:23:21]} Re4+ {[%emt 0:19:50]} 49. Kd3 {[%emt 0:17:35]} Rd4+ {[%emt 0:18:47]} 50. Kc3 {[%emt 0:17:42]} Rd1 {[%emt 0:16:48]} 51. Qf5+ {[%emt 0:17:33]} 1-0

[Event "German Masters Women 2018"]
[Site "Dresden"]
[Date "2018.08.08"]
[Round "5.3"]
[White "Heinemann, Josefine"]
[Black "Schleining, Zoya"]
[Result "1-0"]
[WhiteElo "2261"]
[BlackElo "2397"]
[Annotator "NA"]
[PlyCount "79"]
[EventDate "2018.08.04"]
[EventType "tourn"]
[EventCountry "GER"]
[SourceTitle "playchess.com"]
[Source "ChessBase"]
[SourceQuality "1"]
[TimeControl "40/5400+30:1800+30"]

1. e4 {[%emt 1:30:30]} c5 {[%emt 1:30:25]} 2. Nf3 {[%emt 1:30:48]} a6 {[%emt 1:30:51]} 3. c3 {[%emt 1:30:55]} e6 {[%emt 1:31:12]} 4. d4 {[%emt 1:31:03]} d5 {[%emt 1:31:36]} 5. exd5 {[%emt 1:30:02]} exd5 {[%emt 1:31:37]} 6. Bd3 {[%emt 1:28:44]} c4 {[%emt 1:31:11]} 7. Bc2 {[%emt 1:28:32]} Bd6 {[%emt 1:08:38]} 8. O-O {[%emt 1:27:38]} Bg4 {[%emt 1:05:29]} 9. h3 {[%emt 1:24:45]} Bh5 {[%emt 1:04:26]} 10. b3 {[%emt 1:22:57]} cxb3 {[%emt 1:00:49]} 11. axb3 {[%emt 1:20:43]} Ne7 {[%emt 0:58:22]} 12. Re1 {[%emt 1:18:11]} Nbc6 {[%emt 0:58:25]} 13. Nbd2 {[%emt 1:11:39]} Rc8 {[%emt 0:47:59]} 14. Bd3 {[%emt 1:03:24]} Bg6 {[%emt 0:42:35]} 15. Nf1 {[%emt 0:58:38]} O-O 16. Ne3 {[%emt 0:53:25]} Qd7 {[%emt 0:35:59]} 17. Bxg6 {[%emt 0:48:53]} hxg6 {[%emt 0:36:00]} 18. Qd3 {[%emt 0:46:21]} Rfe8 {[%emt 0:35:23]} 19. Bb2 {[%emt 0:41:35]} Bb8 {[%emt 0:33:53]} 20. c4 {[%emt 0:36:00]} Rcd8 {[%emt 0:27:17]} 21. Rad1 {[%emt 0:34:30]} Nb4 {[%emt 0:16:57]} 22. Qd2 {[%emt 0:33:48]} a5 {[%emt 0:15:33]} 23. Bc3 {[%emt 0:30:59]} Nec6 {[%emt 0:12:41]} 24. cxd5 {[%emt 0:22:44]} Nxd5 {[%emt 0:12:25]} 25. Bxa5 {[%emt 0:22:50]} Nxa5 {[%emt 0:10:33]} 26. Qxa5 {[%emt 0:23:07]} Nxe3 {[%emt 0:10:36]} 27. Rxe3 {[%emt 0:10:50]} Rxe3 28. fxe3 Re8 {[%emt 0:10:44]} 29. Qc3 {[%emt 0:20:18]} Qe6 {[%emt 0:08:08]} 30. Kf2 {[%emt 0:17:43]} Qd6 {[%emt 0:08:01]} 31. Re1 {[%emt 0:16:04]} Qg3+ {[%emt 0:07:06]} 32. Kf1 {[%emt 0:16:28]} g5 {[%emt 0:06:16]} 33. Qc4 {[%emt 0:14:57]} Re6 {[%emt 0:04:58]} 34. Qc8+ {[%emt 0:12:50]} Kh7 {[%emt 0:05:25]} 35. Qxb7 {[%emt 0:12:43]} Rf6 {[%emt 0:03:24]} 36. Re2 {[%emt 0:09:55]} Kh6 {[%emt 0:01:31]} 37. Rc2 {[%emt 0:08:30]} Qh2 {[%emt 0:00:46]} 38. Qd5 {[%emt 0:04:44]} Bg3 {[%emt 0:00:13]} 39. Qxg5+ {[%emt 0:05:10]} Kh7 {[%emt 0:00:36]} 40. Qh5+ {[%emt 0:05:35]} 1-0

[Event "German Masters Women 2018"]
[Site "Dresden"]
[Date "2018.08.08"]
[Round "5.4"]
[White "Osmanodja, Filiz"]
[Black "Fuchs, Judith"]
[Result "1-0"]
[WhiteElo "2350"]
[BlackElo "2276"]
[Annotator "NA"]
[PlyCount "101"]
[EventDate "2018.08.04"]
[EventType "tourn"]
[EventCountry "GER"]
[SourceTitle "playchess.com"]
[Source "ChessBase"]
[SourceQuality "1"]
[TimeControl "40/5400+30:1800+30"]

1. e4 {[%emt 1:30:26]} c5 {[%emt 1:30:23]} 2. Nf3 {[%emt 1:30:36]} d6 {[%emt 1:30:45]} 3. d4 {[%emt 1:30:56]} cxd4 {[%emt 1:31:08]} 4. Nxd4 {[%emt 1:31:24]} Nf6 {[%emt 1:31:28]} 5. Nc3 {[%emt 1:31:50]} e6 {[%emt 1:31:52]} 6. Be2 {[%emt 1:31:16]} Be7 {[%emt 1:31:40]} 7. O-O {[%emt 1:30:30]} Nc6 {[%emt 1:31:10]} 8. Be3 {[%emt 1:29:20]} O-O {[%emt 1:31:31]} 9. Kh1 {[%emt 1:28:08]} e5 {[%emt 1:31:30]} 10. Nb3 {[%emt 1:22:24]} Be6 {[%emt 1:31:43]} 11. Bf3 {[%emt 1:17:48]} a5 {[%emt 1:30:56]} 12. Nd5 {[%emt 1:11:58]} a4 {[%emt 1:30:00]} 13. Nc1 {[%emt 1:11:09]} Bxd5 {[%emt 1:20:26]} 14. exd5 {[%emt 1:11:35]} Na5 {[%emt 1:20:24]} 15. Qd3 {[%emt 1:05:51]} Qc7 {[%emt 1:13:16]} 16. b3 {[%emt 0:55:54]} Rfe8 {[%emt 1:06:26]} 17. Be2 {[%emt 0:52:28]} Rec8 {[%emt 0:51:38]} 18. c4 {[%emt 0:49:34]} b6 {[%emt 0:45:14]} 19. Rb1 {[%emt 0:43:08]} axb3 {[%emt 0:38:11]} 20. axb3 {[%emt 0:43:05]} Nd7 {[%emt 0:30:22]} 21. Bg4 {[%emt 0:41:52]} Rd8 {[%emt 0:27:18]} 22. Ne2 {[%emt 0:31:32]} Nf6 {[%emt 0:20:43]} 23. Bh3 {[%emt 0:30:13]} e4 {[%emt 0:09:34]} 24. Qd4 {[%emt 0:24:10]} Qc5 {[%emt 0:07:52]} 25. Qd2 {[%emt 0:20:10]} Qc7 {[%emt 0:08:21]} 26. Nc3 {[%emt 0:18:43]} Rdb8 {[%emt 0:07:13]} 27. Nb5 {[%emt 0:14:37]} Qd8 {[%emt 0:07:42]} 28. Qd4 {[%emt 0:13:34]} Ra6 {[%emt 0:06:23]} 29. Nc3 {[%emt 0:06:59]} Nb7 {[%emt 0:03:52]} 30. b4 {[%emt 0:06:40]} Rba8 {[%emt 0:02:06]} 31. Rfc1 {[%emt 0:05:22]} Nd7 {[%emt 0:01:41]} 32. Nxe4 {[%emt 0:04:56]} Ne5 {[%emt 0:00:47]} 33. f4 {[%emt 0:02:47]} Ng6 {[%emt 0:01:04]} 34. g3 {[%emt 0:02:45]} Qe8 {[%emt 0:00:31]} 35. Re1 {[%emt 0:01:32]} Bd8 {[%emt 0:00:17]} 36. Bd2 {[%emt 0:01:29]} Qf8 {[%emt 0:00:23]} 37. Bc3 {[%emt 0:01:25]} f5 {[%emt 0:00:12]} 38. Bxf5 {[%emt 0:01:44]} Ra3 {[%emt 0:00:05]} 39. Be6+ {[%emt 0:01:25]} Kh8 {[%emt 0:00:31]} 40. Ra1 {[%emt 0:00:28]} Ra2 {[%emt 0:00:09]} 41. Rxa2 {[%emt 0:00:18]} Rxa2 {[%emt 0:00:34]} 42. Ra1 {[%emt 0:22:32]} Rxa1+ {[%emt 0:30:36]} 43. Bxa1 {[%emt 0:19:19]} Bc7 {[%emt 0:30:58]} 44. Ng5 {[%emt 0:14:35]} h6 {[%emt 0:30:18]} 45. Qe4 {[%emt 0:10:01]} Qa8 {[%emt 0:28:07]} 46. Bd4 {[%emt 0:06:30]} Qe8 {[%emt 0:25:44]} 47. Nf7+ {[%emt 0:05:23]} Kh7 {[%emt 0:26:09]} 48. h4 {[%emt 0:04:30]} Qa4 {[%emt 0:24:40]} 49. Bf5 {[%emt 0:03:33]} Qd1+ {[%emt 0:24:55]} 50. Kg2 {[%emt 0:03:29]} Qh5 {[%emt 0:23:56]} 51. g4 {[%emt 0:03:49]} 1-0

[Event "German Masters Women 2018"]
[Site "Dresden"]
[Date "2018.08.08"]
[Round "5.5"]
[White "Schneider, Jana"]
[Black "Sieber, Fiona"]
[Result "0-1"]
[WhiteElo "2179"]
[BlackElo "2290"]
[Annotator "NA"]
[PlyCount "94"]
[EventDate "2018.08.04"]
[EventType "tourn"]
[EventCountry "GER"]
[SourceTitle "playchess.com"]
[Source "ChessBase"]
[SourceQuality "1"]
[TimeControl "40/5400+30:1800+30"]

1. e4 {[%emt 1:30:26]} c5 {[%emt 1:30:25]} 2. Nf3 {[%emt 1:30:48]} d6 {[%emt 1:30:51]} 3. Bb5+ {[%emt 1:31:11]} Nd7 {[%emt 1:31:15]} 4. O-O {[%emt 1:31:32]} a6 {[%emt 1:31:42]} 5. Bxd7+ {[%emt 1:31:45]} Bxd7 {[%emt 1:31:55]} 6. d4 {[%emt 1:31:49]} cxd4 {[%emt 1:32:21]} 7. Qxd4 {[%emt 1:31:21]} e5 {[%emt 1:32:44]} 8. Qd3 {[%emt 1:31:40]} Rc8 {[%emt 1:33:04]} 9. Nc3 {[%emt 1:28:15]} h6 {[%emt 1:32:47]} 10. Be3 {[%emt 1:25:34]} Nf6 {[%emt 1:31:46]} 11. a4 {[%emt 1:23:17]} Be6 {[%emt 1:29:29]} 12. Rfd1 {[%emt 1:18:51]} Qc7 {[%emt 1:23:05]} 13. a5 {[%emt 1:08:06]} Bc4 {[%emt 1:19:33]} 14. Qd2 {[%emt 1:08:21]} Qc6 {[%emt 1:19:50]} 15. Ra4 {[%emt 1:00:19]} Be7 {[%emt 1:02:34]} 16. Rb4 {[%emt 0:54:45]} O-O {[%emt 0:58:55]} 17. Rb6 {[%emt 0:52:15]} Qc7 {[%emt 0:59:02]} 18. Nh4 {[%emt 0:46:41]} Be6 {[%emt 0:37:44]} 19. Nf5 {[%emt 0:46:24]} Bxf5 {[%emt 0:33:43]} 20. exf5 {[%emt 0:46:50]} d5 {[%emt 0:28:02]} 21. Bxh6 {[%emt 0:37:20]} d4 {[%emt 0:19:02]} 22. Qg5 {[%emt 0:17:44]} Ne8 {[%emt 0:19:11]} 23. f6 {[%emt 0:17:56]} Bxf6 {[%emt 0:19:14]} 24. Rxf6 {[%emt 0:18:21]} dxc3 {[%emt 0:19:37]} 25. b3 {[%emt 0:09:15]} Rd8 {[%emt 0:15:54]} 26. Re1 {[%emt 0:08:47]} Qe7 {[%emt 0:15:16]} 27. Rb6 {[%emt 0:08:04]} f6 {[%emt 0:14:52]} 28. Qg4 {[%emt 0:08:06]} Nd6 {[%emt 0:13:14]} 29. h4 {[%emt 0:06:16]} Nb5 {[%emt 0:09:58]} 30. Re3 {[%emt 0:03:26]} Rd4 {[%emt 0:06:51]} 31. Qg6 {[%emt 0:01:16]} Qf7 {[%emt 0:05:27]} 32. Rg3 {[%emt 0:01:44]} Qxg6 {[%emt 0:05:16]} 33. Rxg6 {[%emt 0:02:13]} Rf7 {[%emt 0:05:02]} 34. h5 {[%emt 0:00:53]} Kh7 {[%emt 0:04:39]} 35. Be3 {[%emt 0:00:54]} Rd1+ {[%emt 0:05:04]} 36. Kh2 {[%emt 0:01:20]} Ra1 {[%emt 0:05:23]} 37. Rg4 {[%emt 0:00:33]} Ra2 {[%emt 0:05:35]} 38. h6 {[%emt 0:00:24]} g5 {[%emt 0:04:58]} 39. Rc4 {[%emt 0:00:46]} Rxc2 {[%emt 0:04:59]} 40. Rc8 {[%emt 0:00:55]} Rb2 {[%emt 0:03:23]} 41. Rb8 {[%emt 0:00:02]} Kxh6 {[%emt 0:25:36]} 42. R8xb7 {[%emt 0:30:04]} Rxb7 {[%emt 0:24:59]} 43. Rxb7 {[%emt 0:30:31]} Rxb3 {[%emt 0:21:34]} 44. Rb6 {[%emt 0:29:27]} c2 {[%emt 0:21:52]} 45. Rxf6+ {[%emt 0:22:17]} Kg7 {[%emt 0:22:17]} 46. Rc6 {[%emt 0:27:40]} Rc3 {[%emt 0:22:40]} 47. Rxa6 {[%emt 0:26:14]} Rxe3 {[%emt 0:22:50] axe6} 0-1

[Event "German Masters Women 2018"]
[Site "Dresden"]
[Date "2018.08.09"]
[Round "6.1"]
[White "Kachiani-Gersinska, Ketino"]
[Black "Sieber, Fiona"]
[Result "1/2-1/2"]
[WhiteElo "2347"]
[BlackElo "2290"]
[Annotator "NA"]
[PlyCount "76"]
[EventDate "2018.08.04"]
[EventType "tourn"]
[EventCountry "GER"]
[SourceTitle "playchess.com"]
[Source "ChessBase"]
[SourceQuality "1"]
[TimeControl "40/5400+30:1800+30"]

1. Nf3 {[%emt 1:30:25]} Nf6 {[%emt 1:30:24]} 2. c4 {[%emt 1:29:43]} g6 {[%emt 1:30:30]} 3. Nc3 {[%emt 1:30:02]} d5 {[%emt 1:30:43]} 4. cxd5 {[%emt 1:30:19]} Nxd5 {[%emt 1:31:07]} 5. h4 {[%emt 1:29:07]} Bg7 {[%emt 1:27:16]} 6. e4 {[%emt 1:29:15]} Nxc3 {[%emt 1:25:55]} 7. dxc3 {[%emt 1:29:38]} Qxd1+ {[%emt 1:26:02]} 8. Kxd1 {[%emt 1:30:03]} O-O {[%emt 1:24:29]} 9. Bc4 {[%emt 1:21:53]} Bg4 {[%emt 1:08:43]} 10. Kc2 {[%emt 1:21:08]} Nd7 {[%emt 1:05:31]} 11. Nh2 {[%emt 1:14:47]} Ne5 {[%emt 1:03:59]} 12. Nxg4 {[%emt 1:15:11]} Nxc4 {[%emt 1:03:57]} 13. h5 {[%emt 1:15:30]} Rad8 $14 {[%emt 0:51:45]} 14. Nh6+ {[%emt 1:08:20]} Kh8 {[%emt 0:51:25]} 15. f3 {[%emt 1:04:48]} Rd7 {[%emt 0:46:03]} 16. hxg6 {[%emt 0:54:34]} fxg6 {[%emt 0:46:21]} 17. b3 {[%emt 0:44:01]} Ne5 {[%emt 0:46:27]} 18. Be3 {[%emt 0:40:39]} Rfd8 {[%emt 0:34:37]} 19. Rad1 {[%emt 0:40:48]} Rxd1 {[%emt 0:23:32]} 20. Rxd1 {[%emt 0:41:12]} Rxd1 {[%emt 0:23:59]} 21. Kxd1 {[%emt 0:41:36]} b5 {[%emt 0:22:03]} 22. Kc2 {[%emt 0:38:55]} a6 {[%emt 0:20:16]} 23. Bf4 {[%emt 0:37:52]} Nd7 {[%emt 0:18:16]} 24. b4 {[%emt 0:33:12]} Bxh6 {[%emt 0:10:56]} 25. Bxh6 {[%emt 0:33:27]} Kg8 {[%emt 0:11:20]} 26. Kd3 {[%emt 0:29:30]} Kf7 {[%emt 0:11:25]} 27. Kd4 {[%emt 0:29:51]} c6 {[%emt 0:10:54]} 28. c4 {[%emt 0:26:43]} e5+ {[%emt 0:08:27]} 29. Kc3 {[%emt 0:26:49]} Nb6 {[%emt 0:08:31]} 30. cxb5 {[%emt 0:23:20]} cxb5 {[%emt 0:08:35]} 31. Kd3 {[%emt 0:17:30]} Kf6 {[%emt 0:08:20]} 32. Kc3 {[%emt 0:13:11]} Nc4 {[%emt 0:08:01]} 33. a4 {[%emt 0:12:26]} Nb6 {[%emt 0:08:21]} 34. axb5 {[%emt 0:12:31]} axb5 {[%emt 0:08:47]} 35. Kd3 {[%emt 0:11:21]} Nc4 {[%emt 0:08:18]} 36. Ke2 {[%emt 0:10:46]} Na3 {[%emt 0:07:57]} 37. Kd3 {[%emt 0:10:48]} Nc4 {[%emt 0:08:23]} 38. Ke2 {[%emt 0:11:13]} Na3 {[%emt 0:08:49]} 1/2-1/2

[Event "German Masters Women 2018"]
[Site "Dresden"]
[Date "2018.08.09"]
[Round "6.2"]
[White "Fuchs, Judith"]
[Black "Schneider, Jana"]
[Result "1-0"]
[WhiteElo "2276"]
[BlackElo "2179"]
[Annotator "NA"]
[PlyCount "125"]
[EventDate "2018.08.04"]
[EventType "tourn"]
[EventCountry "GER"]
[SourceTitle "playchess.com"]
[Source "ChessBase"]
[SourceQuality "1"]
[TimeControl "40/5400+30:1800+30"]

1. Nf3 {[%emt 1:30:26]} d5 {[%emt 1:30:19]} 2. d4 {[%emt 1:30:46]} Nf6 {[%emt 1:30:38]} 3. c4 {[%emt 1:30:39]} e6 {[%emt 1:30:58]} 4. g3 {[%emt 1:30:56]} Bb4+ {[%emt 1:30:56]} 5. Bd2 {[%emt 1:30:03]} Bd6 {[%emt 1:31:17]} 6. Nc3 {[%emt 1:24:19]} Nc6 {[%emt 1:31:03]} 7. Bg5 {[%emt 1:16:41]} dxc4 {[%emt 1:18:47]} 8. e4 {[%emt 1:11:43]} e5 {[%emt 1:18:38]} 9. dxe5 {[%emt 1:04:42]} Nxe5 {[%emt 1:18:46]} 10. Nxe5 {[%emt 1:04:59]} Bxe5 {[%emt 1:19:07]} 11. Qxd8+ {[%emt 1:05:15]} Kxd8 {[%emt 1:19:30]} 12. f4 {[%emt 1:01:45]} Bxc3+ {[%emt 1:19:07]} 13. bxc3 {[%emt 1:02:13]} Ke8 {[%emt 1:18:24]} 14. Bxf6 {[%emt 0:53:02]} gxf6 {[%emt 1:18:44]} 15. Rb1 {[%emt 0:43:45]} a6 {[%emt 1:09:15]} 16. Bxc4 {[%emt 0:43:10]} b5 {[%emt 1:08:38]} 17. Bd5 {[%emt 0:38:03]} Rb8 {[%emt 1:08:56]} 18. Kf2 {[%emt 0:34:35]} Ke7 {[%emt 1:05:54]} 19. c4 {[%emt 0:27:37]} b4 {[%emt 1:04:10]} 20. Rhe1 {[%emt 0:22:27]} Be6 {[%emt 0:58:49]} 21. f5 {[%emt 0:17:37]} Bxd5 {[%emt 0:51:31]} 22. cxd5 {[%emt 0:17:53]} Kd6 {[%emt 0:52:01]} 23. Rec1 {[%emt 0:18:06]} Rb6 {[%emt 0:46:53]} 24. Rc4 {[%emt 0:17:32]} Rhb8 {[%emt 0:44:31]} 25. Rbc1 {[%emt 0:15:11]} R8b7 {[%emt 0:43:26]} 26. Ke3 {[%emt 0:14:14]} a5 {[%emt 0:41:12]} 27. Kd4 {[%emt 0:09:35]} a4 {[%emt 0:38:52]} 28. Rb1 {[%emt 0:03:21]} h5 {[%emt 0:35:27]} 29. h3 {[%emt 0:01:20]} b3 {[%emt 0:35:02]} 30. a3 {[%emt 0:01:40]} Ra7 {[%emt 0:30:40]} 31. Rb2 {[%emt 0:01:56]} c6 {[%emt 0:31:10]} 32. Rc5 {[%emt 0:01:00]} Raa6 {[%emt 0:28:05]} 33. g4 {[%emt 0:01:08]} hxg4 {[%emt 0:28:27]} 34. hxg4 {[%emt 0:01:37]} Rb5 {[%emt 0:28:09]} 35. Rc3 {[%emt 0:00:10]} cxd5 {[%emt 0:28:08]} 36. Rc8 {[%emt 0:00:15]} dxe4 {[%emt 0:27:42]} 37. Kxe4 {[%emt 0:00:19]} Rc6 {[%emt 0:22:43]} 38. Rd2+ {[%emt 0:00:04]} Ke7 {[%emt 0:18:57]} 39. Rxc6 {[%emt 0:00:30]} b2 {[%emt 0:19:21]} 40. Rc7+ {[%emt 0:00:39]} Kf8 {[%emt 0:18:53]} 41. Rxb2 {[%emt 0:00:05]} Rxb2 {[%emt 0:19:17]} 42. Ra7 {[%emt 0:29:30]} Rb3 {[%emt 0:45:25]} 43. Rxa4 {[%emt 0:29:50]} Rb5 {[%emt 0:44:25]} 44. Rb4 {[%emt 0:24:54]} Ra5 {[%emt 0:44:01]} 45. a4 {[%emt 0:24:57]} Ke7 {[%emt 0:42:31]} 46. Rd4 {[%emt 0:24:54]} Re5+ {[%emt 0:41:45]} 47. Kd3 {[%emt 0:24:58]} Rc5 {[%emt 0:42:09]} 48. Rb4 {[%emt 0:21:58]} Kd6 {[%emt 0:40:10]} 49. Rb6+ {[%emt 0:20:58]} Ke7 {[%emt 0:40:22]} 50. Rb7+ {[%emt 0:21:08]} Kf8 {[%emt 0:38:51]} 51. Rb1 {[%emt 0:19:45]} Kg7 {[%emt 0:38:32]} 52. Ra1 {[%emt 0:19:18]} Ra5 {[%emt 0:38:50]} 53. Kc4 {[%emt 0:16:53]} Kh6 {[%emt 0:39:08]} 54. Kb4 {[%emt 0:17:04]} Ra8 {[%emt 0:39:17]} 55. a5 {[%emt 0:13:11]} Kg5 {[%emt 0:39:32]} 56. a6 {[%emt 0:13:13]} Kxg4 {[%emt 0:39:43]} 57. Ra5 {[%emt 0:12:58]} Rb8+ {[%emt 0:39:52]} 58. Rb5 {[%emt 0:11:59]} Rd8 {[%emt 0:39:40]} 59. Rc5 {[%emt 0:08:54]} Rd1 {[%emt 0:37:42]} 60. a7 {[%emt 0:08:13]} Rb1+ {[%emt 0:37:54]} 61. Ka5 {[%emt 0:08:28]} Kg5 {[%emt 0:37:44]} 62. Ka6 {[%emt 0:08:40]} Ra1+ {[%emt 0:37:52]} 63. Ra5 {[%emt 0:09:00]} 1-0